• 首页
  • 本馆介绍
  • 公告通知
  • 最新文献
  • 馆藏检索
  • 电子资源
  • 读者导购
  • 参考咨询
  • 我的图书馆
  • 登录
  • 详细信息显示
  • 放入我的书架
  • 预约/预借图书
  • 作者相关作品
  • 分类相关作品
  • 丛书相关作品
  • 出版社相关作品

书目信息

  • 表格格式
  • 工作单格式
  • 卡片格式
题名:
遥感信息模型
    
 
作者: 马蔼乃 著
分册:  
出版信息: 北京   北京大学出版社  1997.10
页数: 165页
开本: 16开
丛书名: 遥感系列丛书
单 册:
中图分类: TP79
科图分类:
主题词: 遥感技术--应用
电子资源:
ISBN: 7-301-03487-3
000 00569nam0 2200205 45
001 0103260902
005 20070619111223.48
010    @a7-301-03487-3@dCNY25.00
100    @a20010326d1997 km y0chiy0120 ea
101 0  @achi
200 1  @a遥感信息模型@AYao Gan Xin Xi Mo Xing@f马蔼乃著@FMa Ai Nai Zhu
210    @a北京@c北京大学出版社@d1997.10
215    @a165页@d16开
225    @a遥感系列丛书@v2
410    @12001 @a遥感系列丛书
606 0  @a遥感技术@x应用
690    @aTP79@v3
701  0 @a马蔼乃@4著
801    @aCN@bTSTC@c20070619
905    @b295982-986@dTP79@e10@f5
    
    遥感信息模型/马蔼乃著.-北京:北京大学出版社,1997.10
    165页;16开.-(遥感系列丛书;2)
    
    
    ISBN 7-301-03487-3:CNY25.00
    
●
相关链接 在E读中查询图书 在五车中查询图书 在当当中查询图书 在豆瓣中查询图书


正题名:遥感信息模型     索取号:TP79/10         预约/预借

序号 登录号 条形码 馆藏地/架位号 状态 备注
1 0295982   002959828   第三借阅区/ [索取号:TP79/10] 在馆    
2 0295983   002959837   第三借阅区/ [索取号:TP79/10] 在馆    
3 0295984   002959846   第三借阅区/ [索取号:TP79/10] 在馆    
4 0295985   002959855   第三借阅区/ [索取号:TP79/10] 在馆    
5 0295986   002959864   第二样本阅览室/ [索取号:TP79/10] 在馆    
6 0654981   206549813   库房3/ [索取号:TP79/10] 在馆    
7 0654982   206549822   库房3/ [索取号:TP79/10] 在馆    
8 0654983   206549831   库房3/ [索取号:TP79/10] 在馆    
唐山师范学院图书馆 欢迎您!
大连网信软件有限公司© 版权所有